Quan hệ an ninh - chính trị Việt-Trung giai đoạn 2001-2013

Gespeichert in:
Bibliographische Detailangaben
1. Verfasser: Lê Uyên Thảo
Format: Unbekannt
Sprache:Vietnamese
Veröffentlicht: 2014
Schlagworte:
Tags: Tag hinzufügen
Keine Tags, Fügen Sie den ersten Tag hinzu!
Thư viện lưu trữ: Mạng thư viện Đại học Đà Nẵng
LEADER 00888na a2200289 4500
001 000032127
003 8117
005 20151014000000.0
008 151001s2014 000 vie
041 |a vie 
082 |a 959.3062  |b LÊ-T 
100 |a Lê Uyên Thảo 
245 |a Quan hệ an ninh - chính trị Việt-Trung giai đoạn 2001-2013  |c Lê Uyên Thảo 
260 |c 2014 
300 |a 60tr. : mh ; 30cm 
650 |a Lê Uyên Thảo, 2014, Khoa QTH, VN, Trung Quốc, đối ngoại, giai đoạn 2001-2013 
852 |b Chuyên đề  |c Luận văn sinh viên 1 
OWN |a LNN 
999 |a From the UDN01 
TYP |a Printed language 
980 |a Mạng thư viện Đại học Đà Nẵng